Čo je komunitné plánovanie?

Bibliographic Details
Main Author: Kahátová, Barbora (Author)
Format: Article
Language:Slovak
ISSN:1336-3344
Subjects:

MARC

LEADER 00000nab a2200000 ar4500
001 vtls009004592
003 SK-MaSNL
005 20260303065642.0
008 070702c2007 xo br|p|||||||000 b|slo
015 |a SNBRB2007/07  |2 snkbucl 
038 |a SNKBUCL 
040 |a SNKBUCL  |b slo  |c SNKBUCL  |e AACR2 
041 0 |a slo 
044 |a xo  |c SK 
080 |a 304.442:316.34  |2 2001 
080 |a 316.34  |2 2001 
080 |a 364-787.26  |2 2001 
100 1 |a Kahátová, Barbora  |4 aut  |9 320060 
245 1 0 |a Čo je komunitné plánovanie?  |c Barbora Kahátová 
504 |a Bibliogr. odkazy 
650 0 7 |a komunitné plánovanie  |2 snkbucl  |9 101058 
773 0 |t Efekt  |g Roč. 5., č. 3 (2007), s. 20  |x 1336-3344 
852 |a SNK  |b KIS3GCP 
999 |c 1752057  |d 1753987